00973nam a2200229 a 450000100100000000500170001000800410002704000250006808200160009310000340010924000420014324501220018526000430030730000300035049000400038050000630042050400730048383000470055604900090060395201140061299900170072600002397420200930022619.0110118s1994 dr c 000 0 spa d aDO-SdBNPbspacBNPHU axxxxbV258p1 aVaníer, Jean,d1928-94931313a"Le pauvre au coeuer de l'Arche"lfre13aEl pobre :bcorazón del arca /cJean Vaníer ; traducción Francoise Uylenbroeck (chica), Nilda y Antonio Torres. aSanto Domingo :bEdiciones MSC,c1994. a55 p. :bretrs. ;c22 cm.1 aCuando el pobre cree en el pobre... aIncluye datos biográficos del autor en la contracubierta aIncluye referencias bibliográficas y notas al pie de las páginas 0aCuando el pobre cree en el pobre...949314 aBNPD 0010718PDaPDbPDcCTd2011-01-18iLF1l0oxxxx V258pp23974-10r2020-06-25w2020-06-25yLFPDZNo se presta c23469d23469